01117cam a22003251 4500001001300000003000400013005001700017008004100034010001700075035001900092040002600111042001200137050001500149051003400164086002800198100002100226245003400247260004300281300001800324490004800342490003800390500002000428500006100448504002400509650002500533810007300558810008900631830005400720999001700774gs 55000308 DLC20260227111403.0760218s1955 azu b s000 0 engx  ags 55000308  a(OCoLC)1999006 aDLCcAzFUdOCoLCdDLC apremarc00aQE375b.M6 aTN24.A6bA35 no. 165cCopy 2.0 aMN 1.3:B 85/1652azdocs1 aMoore, Richard T10aOne hundred Arizona minerals. aTucson,bUniversity of Arizona,c1955. a31 p.c23 cm.1 aArizona. Bureau of Mines. Bulletinvno. 1651 aMineral technology seriesvno. 49 aReprinted 1966. aUniversity of Arizona bulletin, v. 26, no. 1, Jan. 1955. aBibliography: p.31. 0aMineralogyzArizona.2 aUniversity of Arizona.bState Bureau of Mines.tBulletin ;vno. 165.2 aUniversity of Arizona.bState Bureau of Mines.tMineral technology series ;vno. 49. 0aBulletin (University of Arizona) ;vv. 26, no. 1. c28997d28997